| 000 | 00479nam a2200181 a 4500 | ||
|---|---|---|---|
| 005 | 20140513081046.0 | ||
| 008 | 020924s19uu xx 00 eng d | ||
| 020 | _aCS990105002 | ||
| 050 |
_aVCD _bSe493 2000 |
||
| 245 | _aCelebrates around the world/. | ||
| 260 |
_aCubao, Quezon City : _bMagnavision Home Video, _c2000. |
||
| 300 | _a30 mins. ; colored | ||
| 440 | _aSesame Street 123 | ||
| 650 | _aSongs | ||
| 650 | _aRhymes | ||
| 650 | _aWorld -- Film | ||
| 999 |
_c116167 _d116167 |
||